Formula 1 Drivers since 2000 - Statistics

General Stats
  • This quiz has been taken 111 times
  • The average score is 78 of 129
Answer Stats
Number of Races Nationality Answer % Correct
415 Spain Fernando Alonso
94%
106 Netherlands Jos Verstappen
94%
179 Canada Lance Stroll
94%
370 United Kingdom Lewis Hamilton
94%
223 Netherlands Max Verstappen
94%
306 Germany Michael Schumacher
94%
43 Germany Mick Schumacher
94%
180 Germany Ralf Schumacher
94%
281 Mexico Sergio Perez
94%
246 Finland Valtteri Bottas
94%
257 Australia Daniel Ricciardo
92%
349 Finland Kimi Räikkönen
92%
299 Germany Sebastian Vettel
92%
161 Monaco Charles Leclerc
91%
142 United Kingdom George Russell
91%
306 United Kingdom Jenson Button
91%
161 Finland Mika Häkkinen
91%
60 Australia Oscar Piastri
91%
167 France Pierre Gasly
91%
118 Thailand Alexander Albon
89%
170 France Esteban Ocon
89%
269 Brazil Felipe Massa
89%
142 United Kingdom Lando Norris
89%
215 Australia Mark Webber
89%
241 Germany Nico Hülkenberg
89%
322 Brazil Rubens Barrichello
89%
219 Spain Carlos Sainz
88%
110 Russia Daniil Kvyat
88%
185 Denmark Kevin Magnussen
88%
206 Germany Nico Rosberg
88%
101 Japan Yuki Tsunoda
88%
163 Canada Jacques Villeneuve
86%
25 New Zealand Liam Lawson
86%
99 Poland Robert Kubica
85%
68 China Guanyu Zhou
83%
179 France Romain Grosjean
83%
246 United Kingdom David Coulthard
82%
14 Brazil Gabriel Bortoleto
82%
95 Venezuela Pastor Maldonado
82%
94 Colombia JuanPablo Montoya
78%
46 Brazil Bruno Senna
77%
229 Italy Giancarlo Fisichella
77%
111 Finland Heikki Kovalainen
77%
252 Italy Jarno Trulli
77%
75 Japan Kamui Kobayashi
77%
14 Italy Kimi Antonelli
75%
61 Canada Nicholas Latifi
75%
97 Sweden Marcus Ericsson
74%
21 Russia Nikita Mazepin
74%
90 Japan Takuma Sato
74%
28 Brazil Nelson Piquet
72%
183 Germany Nick Heidfeld
72%
16 Argentina Franco Colapinto
71%
17 United Kingdom Oliver Bearman
71%
2 Brazil Pietro Fittipaldi
71%
62 Italy Antonio Giovinazzi
69%
59 Mexico Esteban Gutierrez
69%
156 Germany Heinz-Harald Frentzen
68%
109 Finland Mika Salo
68%
104 Spain Pedro de la Rosa
68%
201 France Jean Alesi
66%
57 Russia Vitaly Petrov
66%
46 India Narain Karthikeyan
65%
55 Switzerland Sebastien Buemi
65%
13 France Isack Hadjar
63%
128 Germany Adrian Sutil
62%
59 United Kingdom Paul di Resta
62%
37 Portugal Tiago Monteiro
62%
91 Germany Timo Glock
62%
34 France Jules Bianchi
60%
157 France Olivier Panis
60%
28 United States Scott Speed
60%
5 United States Alexander Rossi
58%
145 United Kingdom Eddie Irvine
58%
160 United Kingdom Johnny Herbert
58%
7 Australia Jack Doohan
57%
58 France Jean-Eric Vergne
57%
4 Japan Yuji Ide
57%
46 Netherlands Christijan Albers
55%
39 Brazil Felipe Nasr
55%
42 Belgium Stoffel Vandoorne
55%
69 Austria Alexander Wurz
54%
36 Japan Kazuki Nakajima
54%
11 Netherlands Nyck de Vries
52%
80 Italy Vitantonio Liuzzi
52%
20 Hungary Zsolt Baumgartner
52%
39 Germany Pascal Wehrlein
48%
11 Netherlands Robert Doornbos
48%
27 France Sebastien Bourdais
48%
46 Spain Jaime Alguersuari
46%
21 Russia Sergey Sirotkin
46%
14 Malaysia Alex Yoong
43%
35 United Kingdom Jolyon Palmer
43%
18 Brazil Lucas di Grassi
43%
25 New Zealand Brendon Hartley
42%
18 Italy Gianmaria Bruni
42%
11 India Karun Chandhok
40%
36 Brazil Ricardo Zonta
40%
12 Indonesia Rio Haryanto
40%
36 United States Logan Sargeant
37%
2 Italy Luca Badoer
37%
39 France Charles Pic
35%
28 Brazil Cristiano da Matta
34%
19 Netherlands Giedo van der Garde
34%
24 United Kingdom Anthony Davidson
31%
49 Austria Christian Klien
31%
1 United Kingdom Jack Aitken
29%
20 Belgium Jerome d'Ambrosio
29%
36 Spain Marc Gene
28%
13 Spain Roberto Merhi
28%
20 Brazil Antonio Pizzonia
26%
28 Brazil Enrique Bernoldi
25%
1 Germany Markus Winkelhock
23%
18 United Kingdom Will Stevens
20%
98 Brazil Pedro Diniz
18%
35 United Kingdom Max Chilton
17%
1 Germany Andre Lotterer
14%
7 France Franck Montagny
14%
14 Italy Giorgio Pantano
14%
14 Brazil Luciano Burti
14%
5 Denmark Nicolas Kiesa
14%
21 Japan Sakon Yamamoto
14%
16 United Kingdom Allan McNish
12%
21 Argentina Gaston Mazzacane
12%
16 United Kingdom Justin Wilson
12%
3 Czech Republic Tomas Enge
12%
11 Austria Patrick Friesacher
11%
14 Ireland Ralph Firman
9%
24 Brazil Tarso Marques
8%
No matching quizzes found
Score Distribution
Percent of People with Each Score
Percentile by Number Answered
Your Score History
You have not taken this quiz